00694nam a2200241 a 4500001001300000003000900013005001700022008004100039020000800080082001300088100002400101245004000125260003800165300000900203500003500212505001500247650002700262700002400289902000800313942000700321952010900328999001500437nice12345678IN_TiNIC20260116011403.0050524s1925 lona grp 000 0 eng  ac000a962bPOO aPoole-Lane, Stanley aHistory of Egypt in the Middle Ages aLondonbMethuen and Companyc1925 a382p aincludes index and biblioraphy2 aIll, Index aEgypt-History-Mameluke1 aPoole-Lane, Stanley bSRS cBK 001040708StackRoom-aHMIbHMId2010-11-02g0.00l0o962 POOp00547r2010-11-02v0.00w2005-05-24yBK c1085d1085